000 00599nam a2200193Ia 4500
003 GCL
005 20240530104955.0
008 140319s9999 xx 000 0 ara d
040 _aGCL /
_cGCL
082 0 4 _a332.06
_bص ب \\=aصلاح جودةv
100 0 _aصلاح جودة
245 1 0 _aبورصة الاوراق المالية علميا - عمليا /
_cصلاح جودة
300 _a304 ص
490 _aالهيئة العامة للاستعلامات
_v0
650 0 4 _aالاقتصاد
650 0 4 _aالاوراق المالية
650 0 4 _aراس المال
942 _2ddc
_cBK
999 _c52201
_d52201